Wielki quiz o reprezentacji Polski w piłce nożnej - Statystyki

Ogólne statystyki
  • Ten quiz został rozwiązany 3 324 razy
    2 684 od ostatniego zresetowania
  • Średni wynik to 23 z 41
Statystyki odpowiedzi
Wskazówka Odpowiedź % Poprawnych
Rok, w którym Polska rozegrała swój pierwszy oficjalny mecz w historii 1921
82%
Największa liczba goli jaką Polska strzeliła w jednym meczu 10
76%
Największa liczba goli jaką Polska straciła w jednym meczu 8
76%
Państwo, któremu Polska strzeliła najwięcej goli w jednym meczu San Marino
74%
Obecny kapitan reprezentacji Polski Robert Lewandowski
73%
Liczba medali jaką Polska zdobyła na Igrzyskach Olimpijskich 3
72%
Liczba dotychczasowych występów Polski na Mistrzostwach Świata 9
71%
Liczba dotychczasowych występów Polski na Mistrzostwach Europy 5
70%
Największe osiągnięcie reprezentacji Polski na Mistrzostwach Europy ćwierćfinał
70%
Największe osiągnięcie reprezentacji Polski na Mistrzostwach Świata III miejsce
70%
Zawodnik będący najlepszym strzelcem reprezentacji Polski (82 goli) i mający najwięcej występów w kadrze narodowej (146) Robert Lewandowski
70%
Najwyższe miejsce reprezentacji Polski w rankingu FIFA 5
69%
Państwo, z którym Polska rozegrała swój pierwszy oficjalny mecz w historii Węgry
69%
Król strzelców na Mistrzostwach Świata 1974 (7 goli) Grzegorz Lato
68%
Polski piłkarz, o którym jest ta piosenka: "Wydaje mi się cosik, że dobrze zagra Turbogrosik Bo kiedy piłkę ma to jak szalony na bramkę gna Turbogrosik Turbogrosik [...]" Kamil Grosicki
67%
Lata, w których Polsce udało się osiągnąć najlepszy rezultat na Mistrzostwach Świata 1974 | 1982
66%
Rok, w którym Polska pierwszy raz w historii wystąpiła na Mistrzostwach Europy 2008
66%
Obrońca reprezentacji Polski aka Polski Mur Chiński, zatrzymał Ronaldo na Euro 2016 Michał Pazdan
66%
Bramkarz z największą liczbą występów w kadrze narodowej Wojciech Szczęsny
66%
Obecny producent strojów reprezentacji Polski Nike
65%
Trener, z którym reprezentacja Polski odniosła największy sukces na Mistrzostwach Europy oraz awansowała na Mistrzostwa Świata Adam Nawałka
64%
Obecny trener reprezentacji Polski Jan Urban
64%
Obecny prezes Polskiego Związku Piłki Nożnej Cezary Kulesza
63%
Polski bramkarz, który podczas meczu z Senegalem na MŚ 2018 wybrał się na przebieżkę do kiosku z napojami wyskokowymi Wojciech Szczęsny
63%
Wynik pierwszego w historii oficjalnego meczu reprezentacji Polski 0:1 dla przeciwnika
57%
Rok, w którym Polska pierwszy raz w historii wystąpiła na Mistrzostwach Świata 1938
57%
Bramkarz, który "zatrzymał Anglię" w 1973 roku Jan Tomaszewski
56%
Rok, w którym Polska zdobyła złoty medal na Igrzyskach Olimpijskich 1972
54%
Trener reprezentacji Polski, którą doprowadził m.in. do triumfu na Igrzyskach Olimpijskich Kazimierz Górski
52%
Nazywany "Siwym bajerantem" Paulo Sousa
52%
Trener, z którym reprezentacja Polski pierwszy raz wywalczyła awans na Mistrzostwa Europy Leo Beenhakker
51%
Według byłego prezydenta Polski miał na nazwisko "Borubar" Artur Boruc
48%
Zdobywca 4 bramek w jednym meczu na Mistrzostwach Świata (rekord ten został pobity dopiero 56 lat później), najlepszy napastnik II RP Ernest Wilimowski
38%
Trener reprezentacji Polski, z którą dwukrotnie awansował na mundial oraz prowadził ją przez największą liczbę spotkań (74) Antoni Piechniczek
37%
Państwo z którym Polska rozegrała najwięcej meczów (36) i najwięcej razy zremisowała (15) Rumunia
33%
Państwo, które strzeliło Polsce najwięcej goli w jednym meczu Dania
32%
Państwo, z którym Polska najwięcej razy przegrała (21) i straciła najwięcej goli (92) Węgry
27%
Państwo, któremu Polska strzeliła najwięcej goli (82) i najwięcej razy wygrała (22) Finlandia
23%
Zdobywca największej liczby żółtych kartek w meczach reprezentacji (24) Tomasz Hajto
20%
Zawodnik z najdłuższym stażem w reprezentacji (ponad 17 lat) Kamil Grosicki
15%
Autor pierwszej historycznej bramki dla Polski Józef Klotz
5%
Nie znaleziono quizów pasujących do podanych kryteriów
Rozkład punktacji
Procent ludzi z każdym wynikiem
Percentyl według liczby udzielonych odpowiedzi
Twoja historia wyników
Nie rozwiązałeś tego quizu od ostatniego zresetowania